000 00712nam a2200241Ia 4500
003 OSt
005 20220926010640.0
006 a|||||r|||| 00| 0
007 ta
008 220923b |||||||| |||| 00| 0 eng d
020 _a0300076061
037 _cGeneral Book
040 _aRTL
_cRTL
_beng
041 _2eng
_aeng
082 _aU:(G:527), N9
100 _aSTEARNS Beverly Peterson
_9312699
245 0 _aWatching, from the edge of extinction
260 _aNew Haven
_bYale University Press
_c1999
300 _axv,269p
_ccm.
700 _a STEARNS Stephen C
_9312700
942 _hU:(G:527), N9
_cGB
_2CC
999 _c617900
_d617900